000
00292nam a22001337a 4500
008
170704b xxu||||| |||| 00| 0 eng d
020
_a
0679446958
041
_a
eng
080
_a
94
100
_a
16
101
_a
SHH
245
_a
HITLER'S WILLING EXECUTIONERS
_c
JONAH,D
942
_2
udc
_c
BK
999
_c
19907
_d
19907